PRINCIPLES OF STATUTORY INTERPRETATION (Record no. 8739)

MARC details
000 -LEADER
fixed length control field 00469nam a22001817a 4500
005 - DATE AND TIME OF LATEST TRANSACTION
control field 20250415120538.0
008 - FIXED-LENGTH DATA ELEMENTS--GENERAL INFORMATION
fixed length control field 250411b |||||||| |||| 00| 0 eng d
020 ## - INTERNATIONAL STANDARD BOOK NUMBER
ISBN 978-93-91211-08-0
041 ## - LANGUAGE CODE
Language code of text/sound track or separate title eng
082 ## - DEWEY DECIMAL CLASSIFICATION NUMBER
Classification number 348.5 SIN-P
100 ## - MAIN ENTRY--AUTHOR NAME
Personal name SINGH, JUSTICE G.P.
245 ## - TITLE STATEMENT
Title PRINCIPLES OF STATUTORY INTERPRETATION
250 ## - EDITION STATEMENT
Edition statement 15TH ED. 2022
260 ## - PUBLICATION, DISTRIBUTION, ETC. (IMPRINT)
Place of publication GURGAON
Name of publisher LEXIX NEXIS
Year of publication 2022
300 ## - PHYSICAL DESCRIPTION
Number of Pages 727;P
650 ## - SUBJECT ADDED ENTRY--TOPICAL TERM
Topical Term LEGAL STUDIES
942 ## - ADDED ENTRY ELEMENTS (KOHA)
Koha item type Books
Holdings
Lost status Damaged status Collection code Home library Current library Shelving location Date acquired Source of acquisition Cost, normal purchase price Full call number Accession Number Koha item type
    Reference JRU Library JRU Library SHELF -1-B 10/04/2025 PURCHASE 1695.00 348.540 22 28650 Books
    LAW JRU Library JRU Library SHELF-30-B 10/04/2025 PURCHASE 1695.00 348.540 22 28651 Books
    LAW JRU Library JRU Library SHELF-30-B 10/04/2025 PURCHASE 1695.00 348.540 22 28652 Books